15 najmniej zaludnionych Państw Świata - Statystyki

Ogólne statystyki
  • Ten quiz został rozwiązany 1 454 razy
  • Średni wynik to 7 z 15
Statystyki odpowiedzi
Odpowiedź Liczba Ludności % Poprawnych
Watykan 1 tyś.
95%
San Marino 35 tyś.
82%
Monako 31 tyś.
79%
Andora 86 tyś.
75%
Liechtenstein 40 tyś.
70%
Nauru 10 tyś
47%
Palau 22 tyś.
41%
Tuvalu 12 tyś.
40%
Wyspy Marshalla 80 tyś.
33%
Mikronezja 101 tyś.
32%
Saint Kitts i Nevis 54 tyś.
25%
Seszele 97 tyś.
24%
Antigua i Barbuda 100 tyś.
23%
Dominika 75 tyś.
23%
Saint Vincent i Grenadyny 101 tyś
5%
Nie znaleziono quizów pasujących do podanych kryteriów
Rozkład punktacji
Procent ludzi z każdym wynikiem
Percentyl według liczby udzielonych odpowiedzi
Twoja historia wyników
Nie rozwiązałeś tego quizu